| 000 | 00540nam a2200205 i 4500 | ||
|---|---|---|---|
| 001 | bgj | ||
| 100 | 1 |
_aMANN, Thomas. _d(1985-1955). |
|
| 245 | 1 | 0 |
_aKönigliche Hoheit : _bRoman / _cThomas Mann. |
| 260 |
_aFrankfurt am Main : _bFischer Bücherei, _c1956. |
||
| 300 |
_a253, [1] s. ; _c18 cm. |
||
| 490 | 1 | _aFischer Bücherei | |
| 650 | 9 | _aPowieść niemiecka | |
| 830 | _aFischer Bücherei | ||
| 040 | _cBPK | ||
| 041 | 0 | _ager | |
| 044 | _aDEU | ||
| 080 | _a821.112.2-3 | ||
| 942 | _cKS | ||
| 008 | s gw f |000 0 ger | ||
| 999 |
_c49434 _d49434 |
||
| 856 |
_uhttp://koha.tu.koszalin.pl/cgi-bin/koha/opac-detail.pl?biblionumber=49434 _yKatalog online BPK |
||